Central Library OPAC University of Rajshahi

As you like it / (Record no. 18535)

MARC details
000 -LEADER
fixed length control field 01002nam a22003131 4500
001 - CONTROL NUMBER
control field 18535
003 - CONTROL NUMBER IDENTIFIER
rucl marc code BD-RjUL
005 - DATE AND TIME OF LATEST TRANSACTION
control field 20211209000311.0
008 - FIXED-LENGTH DATA ELEMENTS--GENERAL INFORMATION
fixed length control field 140220s1916 mau 001 d eng
035 ## - SYSTEM CONTROL NUMBER
System control number (BD-RjUL)18593
System control number (OCoLC)1618202
040 ## - CATALOGING SOURCE
Original cataloging agency DLC
Transcribing agency OWoC
Modifying agency OCoLC
-- CLU
-- PPPSB
-- OCoLC
-- DLC
-- BD-RjUL
Language of cataloging eng
041 ## - LANGUAGE CODE
Language code of text/sound track or separate title eng
082 ## - DEWEY DECIMAL CLASSIFICATION NUMBER
Classification number 822.33
Author mark and year SHA 1916
100 1# - MAIN ENTRY--PERSONAL NAME
Personal name Shakespeare, William,
Dates associated with a name 1564-1616.
9 (RLIN) 57130
245 10 - TITLE STATEMENT
Title As you like it /
Statement of responsibility, etc. ed. by J.C. Smith.
250 ## - EDITION STATEMENT
Edition statement American ed.
260 ## - PUBLICATION, DISTRIBUTION, ETC. (IMPRINT)
Place of publication, distribution, etc. Boston ;
-- New York [etc.] :
Name of publisher, distributor, etc. D.C. Heath & Co.,
Date of publication, distribution, etc. c1916.
300 ## - PHYSICAL DESCRIPTION
Pagination xxiii, 200 p. ;
Size 17 cm.
490 1# - SERIES STATEMENT
Series statement The Arden Shakespeare
504 ## - BIBLIOGRAPHY, ETC. NOTE
Bibliography, etc Includes index.
650 ## - SUBJECT ADDED ENTRY--TOPICAL TERM
Topical term or geographic name as entry element Fathers and daughters
Form subdivision Drama
9 (RLIN) 56455
700 1# - ADDED ENTRY--PERSONAL NAME
Personal name Smith, J. C.
Fuller form of name (James Cruickshanks),
Dates associated with a name 1867-1946.
Personal name Wright, Ernest Hunter,
Dates associated with a name 1882-1968.
830 #0 - SERIES ADDED ENTRY--UNIFORM TITLE
Uniform title Arden Shakespeare (Boston, Mass.)
942 ## - ADDED ENTRY ELEMENTS (KOHA)
Source of classification or shelving scheme Dewey Decimal Classification
Koha item type Books
Holdings
Lost status Source of classification or shelving scheme Damaged status Not for loan Collection code Permanent Location Current Location Shelving location Date acquired Source of acquisition Cost, normal purchase price Total Checkouts Full call number Date last seen Copy number Koha item type
  Dewey Decimal Classification     Fiction Central Library, University of Rajshahi Central Library, University of Rajshahi   06/03/1957 Puthia, Rajshahi 0.00   822.33 SHA 1916 20/02/2014 C-2 Books
  Dewey Decimal Classification   Not For Loan Fiction Central Library, University of Rajshahi Central Library, University of Rajshahi Reading Room 13/02/1956 O. U. P. 3.60   822.33 SHA 1916 01/06/2022 C-1 Books